Modelovanie technických systémov a javov v týchto systémoch : Z autorovej písomnej pozostalosti zostavil RNDr. Ivan Havalda
Salvato in:
| Autore principale: | |
|---|---|
| Natura: | Libro |
| Pubblicazione: |
Bratislava :
STU v Bratislave,
2000
|
| Tags: |
Nessun Tag, puoi essere il primo ad aggiungerne!!
|
MARC
| LEADER | 00000nam a22000003a 4500 | ||
|---|---|---|---|
| 001 | stu53178 | ||
| 005 | 20150617225703.5 | ||
| 008 | 000414s2000----xo----------------------d | ||
| 020 | |a 8022713058 | ||
| 040 | |a STU |b slo | ||
| 041 | 0 | ||
| 044 | |a xo | ||
| 080 | |a 510.67 | ||
| 100 | 1 | |a Beňa, Ján |4 aut | |
| 245 | 1 | |a Modelovanie technických systémov a javov v týchto systémoch : |b Z autorovej písomnej pozostalosti zostavil RNDr. Ivan Havalda | |
| 260 | |a Bratislava : |b STU v Bratislave, |c 2000 | ||
| 300 | |a 128 s | ||
| 996 | |b 284R232944 |c r*2014 |l RRK |s P |a 0 |w stu53178_0001 | ||
| 996 | |b 284J002057 |c J*96892 |l JJSK |s A |a 24 |w stu53178_0002 | ||
| 996 | |b 284J002058 |c J*96893 |l JJSK |s A |a 24 |w stu53178_0003 | ||
| 996 | |b 284J002059 |c J*96894 |l JJSK |s A |a 24 |w stu53178_0004 | ||
| 996 | |b 284J002060 |c J*96895 |l JJSK |s A |a 24 |w stu53178_0005 | ||
| 996 | |b 284J002061 |c J*96896 |l JJSK |s A |a 24 |w stu53178_0006 | ||
| 996 | |b 284J002062 |c J*96897 |l JJSK |s A |a 24 |w stu53178_0007 | ||
| 996 | |b 284J002063 |c J*96898 |l JJSK |s A |a 24 |w stu53178_0008 | ||
| 996 | |b 284J002064 |c J*96899 |l JJSK |s A |a 24 |w stu53178_0009 | ||
| 996 | |b 284J002056 |c J*96891 |l JJST |s P |a 0 |w stu53178_0010 | ||
| 996 | |b 284J032543 |c J*107943 |l JJSK |s A |a 24 |w stu53178_0011 | ||